JavaFX for dummies
Introduction -- Getting started with JavaFX -- JavaFX controls -- Enhancing your scenic design -- Making your programs come alive -- The part of tens.
Kaydedildi:
| Yazar: | |
|---|---|
| Diğer Yazarlar: | , |
| Materyal Türü: | Kitap |
| Dil: | English |
| Baskı/Yayın Bilgisi: |
Hoboken, NJ.
For Dummies, a Wiley brand
2015.
|
| Seri Bilgileri: | For Dummies.
|
| Konular: | |
| Etiketler: |
Etiketle
Etiket eklenmemiş, İlk siz ekleyin!
|
| Thư viện lưu trữ: | Mạng thư viện Đại học Đà Nẵng |
|---|
| LEADER | 01766nam a2200433 4500 | ||
|---|---|---|---|
| 001 | 000024520 | ||
| 003 | 21008 | ||
| 005 | 20161213101219.0 | ||
| 008 | 161213s2015 engsd | ||
| 020 | |a 1118385349 (pbk.) |a 9781118385340 (pbk.) | ||
| 041 | 0 | |a eng | |
| 082 | 1 | 4 | |a 005.133 |b LO-D |
| 100 | 1 | |a Lowe, Doug |d 1959- |q (Laura Ann) | |
| 245 | 1 | 0 | |a JavaFX for dummies |c by Doug Lowe. |
| 260 | |a Hoboken, NJ. |b For Dummies, a Wiley brand |c 2015. | ||
| 300 | |a viii, 420 p. |b ill. |c 24 cm. | ||
| 490 | 1 | |a For Dummies. | |
| 500 | |a "Learn to install the JavaFX development tools, including the JavaFX SDK, the Java SE JDK, and NetBeans. Develop desktop, mobile, and browser apps. Use HTML5 and CSS3 with JavaFX." |a Includes index. | ||
| 520 | 3 | |a Introduction -- Getting started with JavaFX -- JavaFX controls -- Enhancing your scenic design -- Making your programs come alive -- The part of tens. | |
| 650 | 0 | |a Java (Computer program language) | |
| 650 | 0 | |a Graphical user interfaces (Computer systems) | |
| 650 | 0 | |a Application software |x Development. | |
| 650 | 0 | |a Internet programming. | |
| 653 | |a JavaFX (Electronic resource) | ||
| 653 | |a Application software | ||
| 653 | |a Java (Computer program language) | ||
| 653 | |a Internet programming | ||
| 700 | 1 | |d 1906-1998. | |
| 700 | 1 | |d 1970- | |
| OWN | |a LSP | ||
| AVA | |a UDN50 |b LSP |d 005.133 LO-D |e available |t Error 5001 Not defined in file expand_doc_bib_avail. |f 1 |g 0 |h N |i 0 |k 1 | ||
| 999 | |a From the UDN01 | ||
| AVA | |a UDN50 |b LSP |d 005.133 LO-D |e available |t Error 5001 Not defined in file expand_doc_bib_avail. |f 1 |g 0 |h N |i 0 |k 1 | ||
| TYP | |a Monograph | ||
| TYP | |a Printed language | ||
| 980 | |a Mạng thư viện Đại học Đà Nẵng | ||


